000 01222cam a22003497a 4500
003 CHAP
005 20220329142441.0
008 010301d2001 mx r 00110 spa d
010 _a83672
011 _a84644
035 _a95169
040 _cCHAP
090 _aTesis
100 0 0 _aCámara Mota, Augusto.
_924010
245 1 0 _aDiferenciación de aislamientos de Fusarium oxysporum Schl. F. sp. ciceri (Padw) Matuo & Sato por RAPDs
_c/por Augusto Cámara Mota
260 _aChapingo, Méx. :
_bEl autor,
_c2001.
300 _a54 h.
502 _aTesis (M.C. en Protección Vegetal) -- UACH. Departamento de Parasitología Agrícola
590 _aALEPH
_b10
_c20130110
_lUCH01
_h1441
590 _aBATCH-UPD
_b10
_c20130110
_lUCH01
_h1104
590 _aBATCH-UPD
_b10
_c20130410
_lUCH01
_h0657
590 _aBATCH-UPD
_b10
_c20130914
_lUCH01
_h1452
590 _aCONVERSION
_b10
_c20130109
_lUCH01
_h1346
650 1 4 _aFusarium oxysporum.
_944093
650 1 4 _aGarbanzo
_xEnfermedades.
_945605
650 1 4 _aHongos patógenos.
_956136
901 _aBK
905 _aLilia Sánchez G.
942 _cTESIS
949 _bBC
_cTES
_d33724000817854
_eTS1
_fc.2
_h37947
_i95169
_sb
949 _bBC
_cTES
_d951691
_eTS1
_h37946
_i95169
_sb
999 _c83672
_d83672